| 000 | 00449nam a22001697a 4500 | ||
|---|---|---|---|
| 003 | OSt | ||
| 005 | 20140329110458.0 | ||
| 008 | 140329b xxu||||| |||| 00| 0 eng d | ||
| 020 | _a0439623383 | ||
| 050 |
_aER _bL678 2004 |
||
| 100 | _aLewman, David | ||
| 245 |
_aLovestruck! / _cDavid Lewman |
||
| 260 |
_aNew York, NY : _bSimon Spotlight/Nickelodeon, _cc2004. |
||
| 300 |
_a1 v. (unpaged) : _bill. ; _c21 cm. |
||
| 942 |
_2lcc _cBK |
||
| 999 |
_c48776 _d48776 |
||